Lekári o tom, aby sme nemali ťažkosti s trávením

Podrobná bibliografia
Hlavný autor: mb (Author)
Médium: Článok
Jazyk:Slovak
Témy:
Zdroj: 1. Slovenský východ 1. Roč. 4/23, č. 122(1994), dát. 0527, s. 2
LEADER 00835nab#a2200301#ar4500
001 000009813
003 SVKKK
005 00000000000000.0
008 c xo e sloo
FMT
038 |a SVKKK 
040 |a SVKKK  |b slo  |e AACR2 
041 0 |a slo 
044 |a xo  |c SK 
080 |a 061.3:613.  |2 1981 
100 0 |a mb  |4 aut 
245 1 0 |a Lekári o tom, aby sme nemali ťažkosti s trávením  |c mb , 
650 0 4 |a bardejovské gastroenterologické dni 12.,Bardejovské Kúpele  |x program  |x správy 
650 0 4 |a sústava tráviaca  |x choroby  |x liečenie  |x skúsenosti  |x správy 
773 0 |t Slovenský východ  |g Roč. 4/23, č. 122(1994), dát. 0527, s. 2 
957 |a Bardejovské Kúpele 
958 |a NP 
958 |a RE 
974 |d 941123  |a Šá 
992 |a RBX 
BAS
852 |a SVKKK  |b BIB 
998 |a REG